Statistics for Word Scramble - Austrian Cities

Click here to take the quiz!

General Stats

  • This quiz has been taken 35 times
  • The average score is 3 of 10

Answer Stats

City% Correct
Innsbruck
100%
Linz
100%
Tulln
100%
Wolfsberg
100%
Graz
67%
Klagenfurt
67%
Schwaz
67%
Vienna
50%
Krems
33%
Leoben
33%
Amstetten
25%
Traun
25%
Bregenz
0%
Dornbirn
0%
Eisenstadt
0%
Feldkirch
0%
Feldkirchen
0%
Hallein
0%
Kapfenberg .
0%
Klosterneuburg
0%
Kufstein
0%
Leonding
0%
Lustenau
0%
Mödling
0%
Perchtoldsdorf
0%
Saalfelden
0%
Salzburg
0%
Schwechat
0%
Steyr
0%
Stockerau
0%
Telfs
0%
Ternitz
0%
Traiskirchen
0%
Villach
0%
Wels
0%

Score Distribution

Percentile by Number Answered

Percent of People with Each Score

Your Score History

You have not taken this quiz